000 00599nam a22001697a 4500
003 SGT
020 _a9789381335352
082 _a510,KHA
100 _aKHANDELWAL, S.K
245 _aQUANTITATIVE TECHNIQUES
250 _a1ST
260 _aNEW DELHI
_bINTERNATIONAL BOOK HOUSE
_c2012
300 _a696
650 _aMAHEMATICS
653 _aSTATISTICS AN INTRODUCTION, DATA COLLECTION, FREQUENCY DISTRIBUTION AND PRESENTATION OF DATA,MEASURES OF CENTRAL TENDENCY, MEASURES OF DISPERSION, CORRELATION ANALYSIS, LINEAR REGRESSION ANALYSIS, ANALYSIS OF TIME SERIES, PROBABILITY,
942 _2ddc
_cFCM
999 _c8973
_d8973